[Event "US Masters op"]
[Site "Greensboro"]
[Date "2018.08.20"]
[Round "6"]
[White "Rodriguez Rivera, Pedro"]
[Black "Patrick, Vann Alan"]
[Result "1-0"]
[WhiteElo "2231"]
[BlackElo "1848"]
[PlyCount "81"]
[EventDate "2018.08.17"]
[EventType "swiss"]
[EventRounds "9"]
[EventCountry "USA"]
[SourceTitle "CBM 186 Extra"]
[Source "ChessBase"]
[SourceDate "2018.08.24"]
[SourceVersion "1"]
[SourceVersionDate "2018.08.24"]
[SourceQuality "1"]

1. e4 b6 2. Nc3 Bb7 3. d4 e6 4. a3 g6 5. Be3 Bg7 6. Qd2 d6 7. Nge2 h6 8. Nf4 Ne7 9. Bc4 d5 10. exd5 exd5 11. Be2 0-0 12. Bf3 c6 13. g4 Nc8 14. h4 Nd6 15. b3 Nd7 16. 0-0-0 Qe7 17. Nfe2 Kh7 18. h5 g5 19. Ng3 Rfe8 20. Rhe1 Qf8 21. Kb1 Ba6 22. Be2 Bxe2 23. Rxe2 Nf6 24. f3 b5 25. Qd3+ Kh8 26. Rh2 Re6 27. Bc1 Rae8 28. Rhh1 Qg8 29. Na2 R8e7 30. Nb4 Rc7 31. Na6 Rc8 32. Nc5 Re7 33. Nf5 Nxf5 34. Qxf5 Nh7 35. f4 gxf4 36. Bxf4 Qd8 37. c3 Ra8 38. Rhf1 Qa5 39. Kc2 Re2+ 40. Bd2 Qxa3 41. Ra1 1-0